ការវាយតំលៃផលប៉ះពាល់បរិស្ថាន (Environmental impact assessment) (Record no. 8547)

000 -LEADER
fixed length control field 00344nam a22001097a 4500
040 ## - CATALOGING SOURCE
Transcribing agency HS
082 ## - DEWEY DECIMAL CLASSIFICATION NUMBER
Classification number 333
100 ## - MAIN ENTRY--AUTHOR NAME
Personal name វន មុនិន្ធ
245 ## - TITLE STATEMENT
Title ការវាយតំលៃផលប៉ះពាល់បរិស្ថាន (Environmental impact assessment)
260 ## - PUBLICATION, DISTRIBUTION, ETC. (IMPRINT)
Place of publication RUA
Name of publisher វន មុនិន្ទ
Year of publication 2009
942 ## - ADDED ENTRY ELEMENTS (KOHA)
Koha item type សៀវភៅភាសាខ្មែរ
952 ## - LOCATION AND ITEM INFORMATION (KOHA)
Withdrawn status [LOCAL, KOHA] 0
Holdings
Permanent Location Date acquired Koha item type Lost status Shelving location Barcode Current Location Full call number
Library Block C2016-08-03សៀវភៅភាសាខ្មែរ C196RUA043225Library Block C333 វន 2009 C196
មជ្ឈមណ្ឌលឯការនៃសាកលវិទ្យាល័យភូមិន្ទកសិកម្មចំការដូង

Powered by Koha